000 00472nam a22001457a 4500
005 20260324144132.0
008 240307b ||||| |||| 00| 0 eng d
040 _cAIMIT LIBRARY
100 _aAugustin, Abin
_e2117001
_9153338
245 _aDevice Management Platform /
_cBy Abin Augustin
700 _aPinto, Jeevan
_eMentor
_9153339
700 _aShetty, Raghavendra G
_eGuide
_9153340
856 _3RDL Technologies Pvt.Ltd, Mangauru
_uwww.rdltech.in
942 _2ddc
_cPRO
999 _c230129
_d230129